DCI & Nom Commercial des médicaments - Partie 2 - Statistiques

Statistiques générales
  • Ce quiz a été pris 22 fois
  • Le résultat moyen est 13 sur 104
Statistiques - réponses
Nom Commercial DCI % Correct
Doliprane Paracétamol
75%
Dafalgan Paracétamol
63%
Cardensiel Bisoprolol
56%
Clamoxyl Amoxicilline
50%
Colchicine Colchicine
50%
Contramal Tramadol
50%
Cordarone Amiodarone
44%
Digoxine Digoxine
44%
Ciflox Ciprofloxacine
38%
Codoliprane Paracétamol + Codéine
38%
Dafalgan codéiné Paracétamol + codéine
38%
Cortancyl Prednisone
38%
Dépakine Valproate de sodium
38%
Coumadine Warfarine
38%
Carboplatine Carboplatine
31%
Céfazoline Céfazoline
31%
Céfotaxime Céfotaxime
31%
Céfoxitine Céfoxitine
31%
Cymbalta Duloxétine
31%
Coversyl Périndopril
31%
Crestor Rosuvastatine
31%
Dépakote Acide valproïque
25%
Cozaar Losartan
25%
Concerta Méthylphénidate
25%
Deroxat Paroxétine
25%
Debridat Trimébutine
25%
Diprosone Bétaméthasone
19%
Célestène Béthaméthasone
19%
Detensiel Bisoprolol
19%
Cisplatine Cisplatine
19%
Dalacine Clindamycine
19%
Dobutamine Dobutamine
19%
Calciparine Héparine calcique
19%
Cellcept Mycophénolate mofétil
19%
Diamox Acétazolamide
13%
Delursan Acide ursodésoxycholique
13%
Diamicron Gliclazide
13%
Dogmatil Sulpiride
13%
Dépamide Valpromide
13%
Chloruso Acide ursodésoxycholique
6%
Celebrex Célécoxib
6%
Cinacalcet Cinacalcet
6%
Daflon Diosmine
6%
Chibro-Proscar Finastéride
6%
Corgard Nadolol
6%
Cutacnyl Peroxyde de benzoyle
6%
Cerazette Pilule microprogestative
6%
Champix Varénicline
6%
Clopixol Zuclopenthixol
6%
Copaxone Acétate de glatiramère
0%
Differine Adapalène
0%
Campath Alemtuzumab
0%
Caverject Alprostadil
0%
Desuric Benzbromarone
0%
Casodex Bicalutamide
0%
Dicetel Bromure de pinavérium
0%
Dédrogyl Calciférol
0%
Daivonex Calcipotriol
0%
Daivobet Calcipotriol + bétaméthasone
0%
Cancidas Caspofungine
0%
Cimzia Certolizumab
0%
Clorotekal Chloroprocaïne
0%
Céris Chlorure de trospium
0%
Cicletanine Ciclétanine
0%
Catapressan Clonidine
0%
Dantrium Dantrolène
0%
Disolone Dapsone
0%
Cubicin Daptomycine
0%
Darzalex Daratumumab
0%
Desferal Déféroxamine
0%
Dectancyl Dexaméthasone
0%
Cardioxane Dexrazozane
0%
Dexambutol Éthambutol
0%
Celltop Étoposide
0%
Certican Évérolimus
0%
Cymévan Ganciclovir
0%
Cervageme Géméprost
0%
Daonil Glibenclamide
0%
Dermofénac Hydrocortisone
0%
Chlorumagène Hydroxyde de magnésium
0%
Clairyg Immunoglobulines humaines
0%
Chrono-Indocid Indométacine
0%
Campto Irinotécan
0%
Chirocaïne Lévobupivacaïne
0%
Cynomel Liothyronine sodique
0%
Celsentri Maraviroc
0%
Carbocaine Mépivacaine
0%
Corvasal Molsidomine
0%
Chibroxine Norfloxacine
0%
Ditropan Oxybutynine
0%
Di-Hydan Phénytoïne
0%
Cycladol Piroxicam
0%
Colimycine Polymyxine E
0%
Clarelux Propionate de clobétasol
0%
Clobex Propionate de clobétasol
0%
Dermoval Propionate de clobétasol
0%
Diprivan Propofol
0%
Cosentyx Sécukinumab
0%
Déprenyl Sélégiline
0%
Celocurine Suxaméthonium
0%
Cialis Tadafil
0%
Cuprior Trientine
0%
Cervarix Vaccin contre le papillomavirus
0%
Dectova Zanamivir
0%
Aucun quiz correspondant
Distribution des résultats
% des personnes avec chaque résultat
Percentile par nombre de réponses
Votre historique - résultats
Vous n’avez pas pris ce quiz